| 000 | 00331nam a2200133Ia 4500 | ||
|---|---|---|---|
| 008 | 200615s9999||||xx |||||||||||||| ||und|| | ||
| 020 | _a9780195696189 | ||
| 082 |
_a650 _bMAN-D |
||
| 100 | _aDOMINICK SALVATORE, | ||
| 245 | 0 | _aMANAGERIAL ECONOMICS | |
| 250 | _a6TH | ||
| 260 |
_aOxford _bOXFORD UNIVERSITY PRESS _c2008 |
||
| 942 | _cBK | ||
| 999 |
_c27563 _d27563 |
||